Applied calculus of variations for engineers (Record no. 12460)

MARC details
000 -LEADER
fixed length control field 00499nam a2200181Ia 4500
008 - FIXED-LENGTH DATA ELEMENTS--GENERAL INFORMATION
fixed length control field 230917s9999||||xx |||||||||||||| ||und||
020 ## - ISBN
Price GBP49.99
040 ## - CATALOGING SOURCE
-- 219867
Original cataloging agency VIVEKANANDA LIBRARY
041 ## - Language
-- English
082 ## - DDC NUMBER
Classification number 515.6402462 K836A(2)
100 ## - MAIN ENTRY--PERSONAL NAME
Personal name Komzsik, Louis
245 #0 - TITLE STATEMENT
Title Applied calculus of variations for engineers
250 ## - EDITION STATEMENT
Edition statement 2nd ed.
260 ## - PUBLICATION, DISTRIBUTION, ETC. (IMPRINT)
Place of publication, distribution, etc Boca Raton
Name of publisher, distributor, etc CRC Press
Date of publication, distribution, etc 2014
300 ## - PHYSICAL DESCRIPTION
Pages xx, 213 p.
500 ## - GENERAL NOTE
General note 1663 05/11/2014 HBD6135 28/11/2014 Mathematics (NBHM)
942 ## - ADDED ENTRY ELEMENTS (KOHA)
Koha item type Books
Holdings
Withdrawn status Lost status Damaged status Not for loan Location (home branch) Sublocation or collection (holding branch) Date acquired Koha issues (times borrowed) Koha full call number Accession No. Koha date last seen Koha item type
        VIVEKANANDA LIBRARY VIVEKANANDA LIBRARY 04/01/2015   515.6402462 K836A(2) 347040 17/09/2023 Books
© Designed and Maintained by Vivekananda Library, MDU Rohtak